000 00289nam a2200109Ia 4500
008 221009s9999 xx 000 0 und d
082 _a658
100 _aBabu G. jawahar
_967027
245 0 _aConcept Dictionary for Business Studies
260 _bAArthee and preethi publishers
942 _cBK
999 _c64937
_d64937